000 00336nam a22001457a 4500
003 OSt
008 220521b ||||| |||| 00| 0 eng d
020 _a97-1-7812-5919-1
082 _a150 GRL
100 _aGREENE,Robert
245 _aLaw of Human Nature
260 _aLondon
_bP Profile book
_c2018
300 _a609
942 _2ddc
_cBK
999 _c11230
_d11230